Medzinárodná ekonómia (vybrané problémy)

Guardado en:
Detalles Bibliográficos
Autor principal: Muchová, Eva, 1961-
Autor Corporativo: Ekonomická univerzita v Bratislave. Národohospodárska fakulta
Otros Autores: Brinčíková, Zuzana, 1979-, Groshek, Gerald, Lisý, Ján, Novák, Marcel, 1979-, Trnovský, Karol, 1983-, Kulhánek, Lumír, Šikulová, Ivana
Formato: Libro
Lenguaje:eslovaco
inglés
Publicado: Bratislava Vydavateľstvo EKONÓM 2011
Edición:1. vyd.
Materias:
Etiquetas: Agregar Etiqueta
Sin Etiquetas, Sea el primero en etiquetar este registro!

MARC

LEADER 00000nam a2200000 4500
001 0143925
005 20240702112127.9
020 |a 978-80-225-3257-0 
041 0 |a slo 
041 0 |a eng 
044 |a SK 
245 1 0 |a Medzinárodná ekonómia  |b (vybrané problémy)  |c Eva Muchová a kolektív 
250 |a 1. vyd. 
264 1 |a Bratislava  |b Vydavateľstvo EKONÓM  |c 2011 
300 |a 213 s. [13,624 AH] 
610 2 0 |a ekonómia 
610 2 0 |a veda ekonomická 
610 2 0 |a hospodárstvo otvorené 
610 2 0 |a obchod medzinárodný 
610 2 0 |a politika zahraničnoobchodná 
610 2 0 |a faktory výrobné 
610 2 0 |a krajiny rozvojové 
610 2 0 |a kríza hospodárska 
610 2 0 |a integrácia ekonomická medzinárodná 
610 2 0 |a globalizácia hospodárstva 
610 2 0 |a teória obchodu 
610 2 0 |a vyjednávanie 
610 2 0 |a dohody obchodné medzinárodné 
610 2 0 |a rast hospodársky 
100 1 |a Muchová, Eva, 1961- 
700 1 |a Brinčíková, Zuzana, 1979- 
700 1 |a Groshek, Gerald 
700 1 |a Lisý, Ján 
700 1 |a Novák, Marcel, 1979- 
700 1 |a Trnovský, Karol, 1983- 
700 1 |a Kulhánek, Lumír 
700 1 |a Šikulová, Ivana 
710 2 |a Ekonomická univerzita v Bratislave. Národohospodárska fakulta